LEADER 01025nam a2200253 i 4500 001 000000130018 003 CaOOAMICUS 005 20041014000000.0 008 041014s1977 it u000 u ita u 013 $a102751 040 $aSeMil$bita 100 1 $aFollereau, Raoul <1903-1977>.$0(OLS)http://semarc/name/8730 240 10$aCinquante annčes au serbice des lepreux.$0(OLS)http://semarc/title/191654 245 10$aCinquanta anni con i lebbrosi :$bcinquanta ricordi /$cRaoul Follereau. 260 $aBologna :$bEMI,$cstampa 1977. 300 $a126 p. ;$c19 cm. 490 0 $aIncontri 650 4$aAutobiografie.$0(OLS)http://semarc/subject/2396 830 0$aIncontri.$0(OLS)http://semarc/title/6016 850 $aSeMil 852 $aSeMil$W1$xVenegono$y1$m172 30 3 *$j84098$B84098$CSeMilBibl$Z2$F87843 $81 961 $aLascito: Bassani don Emilio 996 $6245$aCinquanta anni con i lebbrosi :$bcinquanta ricordi$9(OLS)http://semarc/title/191653 996 $6260$aBologna :$bEMI$9(OLS)http://semarc/publisher/29618 LEADER 01192nam a2200253 i 4500 001 000000163156 003 CaOOAMICUS 005 20070719000000.0 008 070719s1965 it u000 u ita u 013 $a140520 040 $aSeMil$bita 100 1 $aCosmo, Umberto.$0(OLS)http://semarc/name/36900 245 12$aL'ultima ascesa :$bintroduzione alla lettura del «Paradiso» /$cdi Umberto Cosmo ; nuova edizione a cura di Bruno Maier. 260 $aFirenze :$bLa Nuova Italia,$ccopyr. 1965. 300 $aXV, 348 p. ;$c22 cm. 490 0 $aMaestri e compagni : biblioteca di studi critici e morali ;$v28 650 4$aAlighieri, Dante <1265-1321> . Divina Commedia . Paradiso.$0(OLS)http://semarc/subject/28996 700 1 $aMaier, Bruno,$d<1922-2001>.$0(OLS)http://semarc/name/1152 830 0$aMaestri e compagni ;$v28.$0(OLS)http://semarc/title/18000 850 $aSeMil 852 $aSeMil$W1$xVenegono$y1$m1O III 322$j247657$B114470$CSeMilBibl$Z2$F125278 $81 961 $aRecupero: Altro 996 $6245$aL'ultima ascesa :$bintroduzione alla lettura del «Paradiso»$9(OLS)http://semarc/title/232766 996 $6260$aFirenze :$bLa Nuova Italia$9(OLS)http://semarc/publisher/30055